The Law of Evidence 27th Ed (Record no. 19135)
[ view plain ]
| 000 -LEADER | |
|---|---|
| fixed length control field | 00403nam a2200169Ia 4500 |
| 008 - FIXED-LENGTH DATA ELEMENTS--GENERAL INFORMATION | |
| fixed length control field | 221220s9999 xx 000 0 und d |
| 020 ## - INTERNATIONAL STANDARD BOOK NUMBER | |
| ISBN | 978-93-8854-852-6 |
| 041 ## - LANGUAGE CODE | |
| Language code of text/sound track or separate title | |
| 100 ## - MAIN ENTRY--AUTHOR NAME | |
| Personal name | R. Lal |
| 245 #4 - TITLE STATEMENT | |
| Title | The Law of Evidence 27th Ed |
| Statement of responsibility, etc | by R. Lal, D. Lal |
| 250 ## - EDITION STATEMENT | |
| Edition statement | 27th |
| 260 ## - PUBLICATION, DISTRIBUTION, ETC. (IMPRINT) | |
| Name of publisher | Lexis Nexis |
| Place of publication | Haryana |
| Year of publication | 2022 |
| 300 ## - PHYSICAL DESCRIPTION | |
| Number of Pages | 776 |
| 650 ## - SUBJECT ADDED ENTRY--TOPICAL TERM | |
| Topical Term | Law |
| 700 ## - ADDED ENTRY--PERSONAL NAME | |
| Personal name | D. Lal |
| 942 ## - ADDED ENTRY ELEMENTS (KOHA) | |
| Source of classification or shelving scheme | |
| Koha item type | Books |
| Accession Number | Cost, normal purchase price | Bill Date | Source of acquisition | Price effective from | Koha item type | Withdrawn / writtenoff status | Materials specified (bound volume or other part) | Damaged status | Not for loan | Permanent Location | Current Location | Shelving location | Date acquired | Lost/ Missing status | department |
|---|---|---|---|---|---|---|---|---|---|---|---|---|---|---|---|
| LLB 364 | 1095.00 | 81 | ABD, Jammu | 12/20/2022 | Books | Not For Loan | MIET Library, Jammu | MIET Library, Jammu | 184/2 | BBA LLB | |||||
| LLB 365 | 1095.00 | 81 | ABD, Jammu | 12/20/2022 | Books | MIET Library, Jammu | MIET Library, Jammu | BL-Academic Block- D, FL-4, CUP-186, SH-3, R-3 | BBA LLB |